000 00466nam a2200181Ia 4500
005 20250508162041.0
008 008 250505s9999 xx 000 0 eng d
037 _aTextual
040 _aFEDL
_beng
_cFEDL
041 _aeng
_2eng
084 _a378, HEI
_qFEDL
100 _aHeim Alice
_9772152
245 0 _aTeaching and learning in higher education
260 _c1976
300 _a134p.
942 _cTEXL
_h378, HEI
999 _c1374075
_d1374075